| 000 | 00394nam a2200169Ia 4500 | ||
|---|---|---|---|
| 005 | 20250423094330.0 | ||
| 008 | 250422s9999 xx 000 0 und d | ||
| 020 | _a978-978-5195699 | ||
| 050 | _aKP 148 .O5/ | ||
| 100 | _aOlakanmi, Jide & Co. | ||
| 245 | 0 | _aADR-Alternative dispute Resolution | |
| 260 | _aLagos | ||
| 260 | _bLaw LORD | ||
| 260 | _c2013 | ||
| 300 | _a360 p | ||
| 942 | _cBK | ||
| 999 |
_c26933 _d26933 |
||